[Event "Freytag Checkmate Open"]
[Site "Adelaide"]
[Date "2008.07.05"]
[Round "3"]
[White "Dragicevic, Domagoj"]
[Black "Chapman, Mark"]
[Result "1/2-1/2"]
[PlyCount "82"]
[WhiteElo "2125"]
[BlackElo "2303"]

1. e4 e5 2. Bc4 Nf6 3. d3 Nc6 4. Nc3 Bc5 5. f4 d6 6. Nf3 Ng4 7. Qe2 Bf2+ 8. Kf1
Nd4 9. Nxd4 Bxd4 10. f5 h5 11. h3 Nf6 12. Bg5 c6 13. g3 b5 14. Bb3 a5 15. a4 b4
16. Nd1 Ba6 17. Kg2 Qb6 18. Rb1 Qc7 19. c3 Bc5 20. Qd2 Rd8 21. Ne3 Kf8 22. Rhe1
d5 23. Bxf6 gxf6 24. exd5 cxd5 25. Nxd5 bxc3 26. bxc3 Bb7 27. Qa2 Qd6 28. c4
Rg8 29. Re4 Rg5 30. Rf1 Bc8 31. g4 hxg4 32. hxg4 Kg7 33. Kf3 Rh8 34. Qb1 Rh2
35. Kg3 Rd2 36. Rf3 Bd4 37. Bc2 Qc5 38. Qc1 Rf2 39. Rxf2 Bxf2+ 40. Kf3 Bh4 41.
Ne3 Bxf5 1/2-1/2

[Event "Freytag Checkmate Open"]
[Site "Adelaide"]
[Date "2008.07.05"]
[Round "3"]
[White "Cooke, Tristrom"]
[Black "Zulfic, Fedja"]
[Result "0-1"]
[PlyCount "54"]
[WhiteElo "1495"]
[BlackElo "1856"]

1. e4 d5 2. exd5 Nf6 3. c4 c6 4. dxc6 Nxc6 5. Nc3 e5 6. d3 Bb4 7. a3 Bxc3+ 8.
bxc3 O-O 9. Be3 Qa5 10. Qb3 Re8 11. O-O-O Be6 12. Kc2 b5 13. Qxb5 Qxa3 14. Qb2
Qa4+ 15. Qb3 Qa5 16. Qb5 Qc7 17. Rb1 Reb8 18. Qa4 Rxb1 19. Kxb1 Rb8+ 20. Kc2
Bd7 21. Qa2 e4 22. d4 Nd5 23. Qa1 Nxe3+ 24. fxe3 Ne7 25. Ne2 Nf5 26. Qc1 Qxc4
27. Ng3 Qa2+ 0-1

[Event "Freytag Checkmate Open"]
[Site "Adelaide"]
[Date "2008.07.05"]
[Round "3"]
[White "Cloudsdale, Colin"]
[Black "Dyer, Alastair"]
[Result "0-1"]
[PlyCount "30"]
[WhiteElo "1991"]
[BlackElo "1708"]

1. e4 e5 2. f4 d5 3. exd5 e4 4. Bb5+ c6 5. dxc6 Nxc6 6. Nc3 Nf6 7. Qe2 Bf5 8.
Nf3 Bc5 9. d4 O-O 10. Bxc6 exf3 11. Qxf3 Qxd4 12. Bb5 Bxc2 13. Kf1 a6 14. Be2
Rfe8 15. Bd1 Ng4 0-1

[Event "Freytag Checkmate Open"]
[Site "Adelaide"]
[Date "2008.07.05"]
[Round "3"]
[White "Brown, Andrew"]
[Black "Hacche, David J"]
[Result "0-1"]
[PlyCount "58"]
[WhiteElo "1925"]
[BlackElo "2127"]

1. d4 Nf6 2. c4 e6 3. Nf3 c5 4. d5 exd5 5. cxd5 d6 6. Nc3 g6 7. e4 Bg7 8. Be2
O-O 9. O-O Bg4 10. Nd2 Bxe2 11. Qxe2 Re8 12. Re1 Nbd7 13. h3 a6 14. a4 Nh5 15.
Nc4 Ne5 16. g4 Qh4 17. Kg2 Nxc4 18. Qxc4 Bd4 19. Rf1 Nf6 20. Bf4 Bxc3 21. Qxc3
Nxe4 22. Qc1 g5 23. Bh2 Qh6 24. Re1 Qg6 25. f3 Nf6 26. Qd2 Nd7 27. Re2 Rxe2+
28. Qxe2 Qf6 29. Re1 Rc8 0-1

[Event "Freytag Checkmate Open"]
[Site "Adelaide"]
[Date "2008.07.05"]
[Round "3"]
[White "Antic, Dejan"]
[Black "Obst, James"]
[Result "1-0"]
[PlyCount "61"]
[WhiteElo "2476"]
[BlackElo "2250"]

1. d4 Nf6 2. Nf3 e6 3. c4 b6 4. g3 Ba6 5. b3 b5 6. cxb5 Bxb5 7. Bg2 Bb4+ 8. Bd2
a5 9. Bxb4 axb4 10. Qd2 Qe7 11. Qg5 c5 12. Qxg7 Rg8 13. Qh6 c4 14. bxc4 Bxc4
15. Nbd2 Rxa2 16. O-O Rxa1 17. Rxa1 Bd5 18. e4 Bc6 19. Ne5 Bb7 20. Ra7 d6 21.
Nec4 Rg6 22. Qf4 e5 23. dxe5 dxe5 24. Qxe5 Qxe5 25. Nxe5 Nc6 26. Rxb7 Nxe5 27.
f4 Ned7 28. Nc4 Ng4 29. h3 Ne3 30. Nxe3 Rxg3 31. Kf2 1-0

[Event "Freytag Checkmate Open"]
[Site "Adelaide"]
[Date "2008.07.09"]
[Round "2"]
[White "Nguyen, Thu Giang"]
[Black "Toth, Andras"]
[Result "0-1"]
[PlyCount "70"]
[WhiteElo "2121"]
[BlackElo "2401"]

{159MB, Fritz11.ctg}

1. e4 {%emt 0:00:00} 1... e5 {%emt 0:00:00} 2. Nc3 Nc6 3. g3 h5 4. h3 Bc5 5. d3
a6 6. Bg2 d6 7. Nd5 h4 8. g4 Nce7 9. Nf3 Be6 10. Ne3 f6 11. d4 Ba7 12. c3 Qd7
13. b4 g6 14. Qd3 O-O-O 15. Rb1 Nh6 16. d5 Bg8 17. Nxh4 Rf8 18. Rb2 f5 19. exf5
gxf5 20. Nhxf5 Nhxf5 21. Nxf5 Nxf5 22. gxf5 Bh7 23. Be3 Bxf5 24. Qe2 Bxe3 25.
Qxe3 Qb5 26. Rd2 Kb8 27. Bf1 Qd7 28. Rb2 Rh4 29. Kd1 Be4 30. Rg1 Bxd5 31. b5
axb5 32. Rxb5 Bc6 33. Ra5 b6 34. Ra3 Rhf4 35. h4 Bb5 0-1

[Event "Freytag Checkmate Open"]
[Site "Adelaide"]
[Date "2008.07.05"]
[Round "2"]
[White "Zulfic, Fedja"]
[Black "Memedi, Sam"]
[Result "1/2-1/2"]
[PlyCount "116"]
[WhiteElo "1856"]
[BlackElo "1627"]

{159MB, Fritz11.ctg}

1. d4 Nc6 2. Nf3 d5 3. e3 Nf6 4. c4 e6 5. Nc3 a6 6. b3 Bb4 7. Bb2 Ne4 8. Qc2
Ne7 9. Bd3 Bxc3+ 10. Bxc3 Nxc3 11. Qxc3 O-O 12. O-O c6 13. c5 Kh8 14. b4 f5 15.
Ne5 Ng8 16. a4 Bd7 17. f3 Nh6 18. e4 Bc8 19. Rae1 Nf7 20. Nxf7+ Rxf7 21. exf5
exf5 22. Re5 Qf8 23. Rfe1 Bd7 24. R1e2 Re8 25. Qe1 Rxe5 26. Rxe5 g6 27. f4 Qg7
28. Qe2 Qf6 29. b5 axb5 30. axb5 Kg7 31. b6 Kf8 32. Qa2 Bc8 33. Qa8 Qd8 34. Kf2
Kg7 35. g3 h5 36. Qa2 h4 37. Qe2 hxg3+ 38. hxg3 Bd7 39. Qf1 Qa8 40. Qe2 Kf8 41.
Qb2 Rh7 42. Kf3 Qa4 43. Re1 Qa8 44. Ra1 Qd8 45. Qe2 Re7 46. Qh2 Kg7 47. Rh1 Qg8
48. Qh6+ Kf7 49. Qh7+ Qxh7 50. Rxh7+ Kf6 51. Rh1 Ke6 52. Re1+ Kf7 53. Ra1 Re8
54. Ra7 Rb8 55. Ba6 Bc8 56. Bb5 Bd7 57. Bf1 Kf6 58. Bh3 g5 1/2-1/2

[Event "Freytag Checkmate Open"]
[Site "Adelaide"]
[Date "2008.07.05"]
[Round "2"]
[White "Wedding, Robin"]
[Black "Guo, Emma"]
[Result "1-0"]
[PlyCount "33"]
[WhiteElo "1937"]
[BlackElo "1683"]

{159MB, Fritz11.ctg}

1. e4 c5 2. c3 d5 3. exd5 Qxd5 4. d4 cxd4 5. cxd4 Nc6 6. Nf3 Bg4 7. Nc3 Qd8 8.
d5 Ne5 9. Nxe5 Bd7 10. Nxd7 Kxd7 11. Bb5+ Kc8 12. Qg4+ e6 13. dxe6 Qe7 14. Bd7+
Kd8 15. Bg5 Nf6 16. Bxf6 Qxf6 17. O-O-O 1-0

[Event "Freytag Checkmate Open"]
[Site "Adelaide"]
[Date "2008.07.05"]
[Round "2"]
[White "Tao, Trevor"]
[Black "Zaric, Srboljub"]
[Result "1-0"]
[PlyCount "121"]
[WhiteElo "2375"]
[BlackElo "2101"]

{159MB, Fritz11.ctg}

1. c4 e6 2. Nf3 Nf6 3. e3 d5 4. b3 dxc4 5. bxc4 c5 6. Be2 Nc6 7. O-O Be7 8. Nc3
O-O 9. d4 cxd4 10. exd4 Qa5 11. Qb3 Rd8 12. Rd1 Qf5 13. h3 h6 14. Be3 b6 15.
Nh4 Qa5 16. Nb5 a6 17. Nc3 b5 18. cxb5 axb5 19. Bxb5 Nb4 20. Nf3 Bb7 21. Ne5
Rac8 22. a4 Nfd5 23. Rdc1 Qa8 24. Bf1 Nxe3 25. fxe3 Nd5 26. Nxd5 Bxd5 27. Qd1
Bg5 28. Qd2 Rxc1 29. Qxc1 Qa5 30. Qe1 Ra8 31. Bb5 Qb6 32. Qf2 Qc7 33. Rf1 f6
34. Nd3 f5 35. Nf4 Bxf4 36. Qxf4 Qc3 37. Qe5 Rf8 38. Bd7 Rf6 39. Qg3 Kh7 40.
Be8 Qc8 41. Bh5 Qa8 42. Ra1 Qa5 43. Qe1 Qa8 44. Qd2 g6 45. Bd1 g5 46. a5 f4 47.
exf4 gxf4 48. Ra3 Rg6 49. Bc2 Be4 50. Bxe4 Qxe4 51. Kh2 e5 52. dxe5 Qxe5 53.
Kh1 Rg3 54. Rd3 Re3 55. Rd7+ Kg6 56. Rd5 Qe4 57. Rb5 f3 58. Qd6+ Qe6 59. Qg3+
Kf6 60. Rb6 fxg2+ 61. Qxg2 1-0

[Event "Freytag Checkmate Open"]
[Site "Adelaide"]
[Date "2008.07.05"]
[Round "2"]
[White "Tan, Peter"]
[Black "Szuveges, Narelle S"]
[Result "0-1"]
[PlyCount "80"]
[WhiteElo "1236"]
[BlackElo "1711"]

{159MB, Fritz11.ctg}

1. e4 c5 2. Nf3 d6 3. Bc4 e6 4. O-O Nf6 5. Nc3 a6 6. a4 Be7 7. d3 Nc6 8. Re1
O-O 9. Bf4 e5 10. Bd2 Bg4 11. h3 Bh5 12. Be3 Nd4 13. Bxd4 cxd4 14. Nd5 Nxd5 15.
Bxd5 Rb8 16. c3 dxc3 17. bxc3 b5 18. Qe2 Qc7 19. c4 b4 20. Reb1 a5 21. Qe3 Bd8
22. Nd2 Qe7 23. Nb3 Bb6 24. Qd2 Kh8 25. d4 exd4 26. Nxd4 Bxd4 27. Qxd4 f6 28.
f4 Rfd8 29. Rc1 Bf7 30. Rc2 Bxd5 31. cxd5 Rdc8 32. Rac1 Rxc2 33. Rxc2 h6 34.
Kf2 Qb7 35. Ke3 Kg8 36. Rc6 b3 37. Qb2 Qb4 38. e5 fxe5 39. fxe5 dxe5 40. Qxe5
Qe1+ 0-1

[Event "Freytag Checkmate Open"]
[Site "Adelaide"]
[Date "2008.07.05"]
[Round "2"]
[White "Stojic, Svetozar"]
[Black "Glasson, Benjamin"]
[Result "1-0"]
[PlyCount "69"]
[WhiteElo "1836"]
[BlackElo "1589"]

{159MB, Fritz11.ctg}

1. e4 c5 2. Nf3 Nc6 3. d4 cxd4 4. Nxd4 Nf6 5. Nc3 d6 6. Bc4 e6 7. Be3 Be7 8.
Qe2 O-O 9. O-O-O Bd7 10. g4 Nxd4 11. Bxd4 e5 12. Be3 Bxg4 13. f3 Be6 14. Rdg1
Bxc4 15. Qxc4 Rc8 16. Qe2 Re8 17. Bh6 g6 18. h4 Nh5 19. Nd5 Nf6 20. Nxe7+ Rxe7
21. Bg5 Rec7 22. h5 Qe7 23. Qh2 Qe6 24. Kb1 Ne8 25. Rg3 Qc4 26. c3 b5 27. Rh3
b4 28. hxg6 bxc3 29. Rxh7 Qd3+ 30. Ka1 cxb2+ 31. Qxb2 fxg6 32. Rh8+ Kf7 33.
R1h7+ Ng7 34. Rxc8 Rxc8 35. Qb7+ 1-0

[Event "Freytag Checkmate Open"]
[Site "Adelaide"]
[Date "2008.07.05"]
[Round "2"]
[White "Stojic, Dusan"]
[Black "Russell, Luthien"]
[Result "1-0"]
[PlyCount "78"]
[WhiteElo "2142"]
[BlackElo "1528"]

{159MB, Fritz11.ctg}

1. e4 c5 2. Nf3 e6 3. d4 cxd4 4. Nxd4 a6 5. Nc3 d6 6. Be2 Nf6 7. O-O b5 8. Bf3
Ra7 9. Be3 Rc7 10. a4 bxa4 11. Rxa4 Bb7 12. Nb3 Nbd7 13. Be2 Qa8 14. f3 Be7 15.
Nb5 Rc6 16. Nc3 O-O 17. Qd2 Rd8 18. Bb5 Rc7 19. Qe2 Nb8 20. Bb6 Rdc8 21. Bxc7
Rxc7 22. Kh1 Nfd7 23. Bd3 Bf6 24. Nb5 Rc6 25. N3d4 Rc5 26. Nxd6 Nb6 27. Rb4 Qa7
28. Nxb7 Qxb7 29. c3 e5 30. Nf5 Qa7 31. Rb3 a5 32. Ra3 N8d7 33. b4 Rc8 34. Rxa5
Qb8 35. c4 Nxc4 36. Bxc4 Qxb4 37. Ra7 Rxc4 38. Rxd7 g6 39. Ne3 Rc3 1-0

[Event "Freytag Checkmate Open"]
[Site "Adelaide"]
[Date "2008.07.05"]
[Round "2"]
[White "Staak, Eric"]
[Black "Hoff, Michael"]
[Result "1-0"]
[PlyCount "85"]
[WhiteElo "1496"]
[BlackElo "1840"]

{159MB, Fritz11.ctg}

1. e4 d6 2. d4 Nf6 3. Nc3 g6 4. Be2 Bg7 5. h4 h5 6. Nh3 c6 7. Ng5 Nbd7 8. e5
dxe5 9. dxe5 Nd5 10. Nxd5 cxd5 11. e6 Ne5 12. Bb5+ Kf8 13. Qe2 Bxe6 14. Nxe6+
fxe6 15. c3 a6 16. Ba4 Kf7 17. Bf4 Nc4 18. Bc2 Bf6 19. Bd3 b5 20. Rd1 Qa5 21.
O-O Rac8 22. Rfe1 Rc6 23. Bxc4 bxc4 24. g3 Qxa2 25. Ra1 Qb3 26. Ra3 Qb5 27. Kg2
Rb6 28. Be3 Rc6 29. Rea1 Rb8 30. Bc1 Qb7 31. Qd2 Rb6 32. Kh2 e5 33. R1a2 d4 34.
cxd4 exd4 35. Qf4 Re6 36. Rxa6 Rxa6 37. Rxa6 Qxa6 38. Qxb8 Qc6 39. Bh6 Qe8 40.
Qc7 c3 41. Qc4+ e6 42. bxc3 dxc3 43. Qc7+ 1-0 (43... Qe7 44. Qc4 Qa7 45. Qb4
Qa2 46. Qf8# 1-0)

[Event "Freytag Checkmate Open"]
[Site "Adelaide"]
[Date "2008.07.05"]
[Round "2"]
[White "Smerdon, David"]
[Black "Hu, Jason"]
[Result "1-0"]
[PlyCount "49"]
[WhiteElo "2463"]
[BlackElo "2141"]

1. e4 c6 2. Nc3 d5 3. Qf3 Nf6 4. e5 Nfd7 5. d4 e6 6. Nh3 a6 7. Ng5 Qe7 8. Bd3
c5 9. Ne2 cxd4 10. Qg3 Nc6 11. f4 Qb4+ 12. Bd2 Qxb2 13. O-O g6 14. Qh3 Nc5 15.
Rab1 Qa3 16. Nxf7 Nxd3 17. Nxh8 Qxa2 18. Qxh7 Qxc2 19. Qf7+ Kd8 20. Qxf8+ Kd7
21. Qg7+ Ke8 22. Qxg6+ Kd7 23. Qf7+ Kd8 24. f5 Ndxe5 25. Bg5+ 1-0

[Event "Freytag Checkmate Open"]
[Site "Adelaide"]
[Date "2008.07.05"]
[Round "2"]
[White "Rujevic, Mirko"]
[Black "Cloudsdale, Colin"]
[Result "1-0"]
[PlyCount "51"]
[WhiteElo "2207"]
[BlackElo "1991"]

{159MB, Fritz11.ctg}

1. e4 c5 2. Nc3 Nc6 3. f4 d6 4. Nf3 g6 5. Bc4 Bg7 6. O-O Nf6 7. d3 O-O 8. a3 a6
9. Qe1 b5 10. Ba2 Qb6 11. e5 dxe5 12. fxe5 Ng4 13. Bf4 Be6 14. Bxe6 fxe6 15.
Qg3 c4+ 16. Kh1 Rxf4 17. Qxf4 Nf2+ 18. Rxf2 Qxf2 19. Qe4 Rc8 20. dxc4 b4 21.
axb4 Nxb4 22. Ne2 Bh6 23. c3 Be3 24. cxb4 Qxe2 25. Re1 Rxc4 26. Qxe3 1-0

[Event "Freytag Checkmate Open"]
[Site "Adelaide"]
[Date "2008.07.05"]
[Round "2"]
[White "Oliver, Shannon"]
[Black "Cooke, Tristrom"]
[Result "1/2-1/2"]
[PlyCount "88"]
[WhiteElo "1799"]
[BlackElo "1495"]

{159MB, Fritz11.ctg}

1. e4 e5 2. Nf3 Nc6 3. d4 exd4 4. Nxd4 Qh4 5. Nc3 Bb4 6. Be2 Nge7 7. Nb5 Ba5 8.
O-O a6 9. g3 Qf6 10. Nd5 Nxd5 11. exd5 axb5 12. dxc6 dxc6 13. c3 Bf5 14. Be3
O-O 15. b4 Bb6 16. Bxb6 cxb6 17. Qb3 Rfe8 18. Rfe1 Be6 19. Qc2 Bd5 20. f4 g6
21. a3 Re3 22. Rec1 Qe6 23. Bf1 Re8 24. Qd2 Bc4 25. Qd4 Bxf1 26. Rxf1 Re2 27.
Rf2 Re1+ 28. Rxe1 Qxe1+ 29. Kg2 Qe4+ 30. Qxe4 Rxe4 31. Rc2 Kf8 32. Kf2 Ke7 33.
Rd2 f5 34. Rd3 Re6 35. Kf3 Rd6 36. Re3+ Kd7 37. Ke2 Re6 38. Kd3 Rxe3+ 39. Kxe3
Kd6 40. Kd4 c5+ 41. Ke3 h6 42. h4 h5 43. Kd2 Kd5 44. Kd3 cxb4 1/2-1/2

[Event "Freytag Checkmate Open"]
[Site "Adelaide"]
[Date "2008.07.05"]
[Round "2"]
[White "Obst, James"]
[Black "Goldsmith, Alan"]
[Result "1-0"]
[PlyCount "63"]
[WhiteElo "2250"]
[BlackElo "2030"]

{159MB, Fritz11.ctg}

1. e3 f5 2. b3 Nf6 3. Bb2 e6 4. f4 d5 5. Nf3 c5 6. Bb5+ Bd7 7. Bxd7+ Nbxd7 8.
Ne5 Bd6 9. Nxd7 Qxd7 10. Qe2 O-O 11. c4 d4 12. exd4 cxd4 13. Bxd4 Bxf4 14. Bxf6
Rxf6 15. Nc3 Qd4 16. g3 Bh6 17. Rd1 Rd8 18. Nb5 Qb6 19. Rf1 e5 20. Qf2 Rd4 21.
Nxd4 exd4 22. Qf3 f4 23. g4 Re6+ 24. Kf2 d3+ 25. Kg2 Re2+ 26. Rf2 Rxf2+ 27.
Qxf2 Qe6 28. Qf3 Kf8 29. Rf1 Bg5 30. Qxb7 Bd8 31. Qd5 Qb6 32. c5 1-0

[Event "Freytag Checkmate Open"]
[Site "Adelaide"]
[Date "2008.07.05"]
[Round "2"]
[White "Milton, Anthony W"]
[Black "Hoile, Robert"]
[Result "0-1"]
[PlyCount "64"]
[WhiteElo "1548"]
[BlackElo "1860"]

{159MB, Fritz11.ctg}

1. d4 Nf6 2. c4 e6 3. Nc3 Bb4 4. Nf3 c5 5. e3 Ne4 6. Qc2 Qa5 7. Bd2 Nxd2 8.
Qxd2 Bxc3 9. bxc3 d6 10. Bd3 O-O 11. O-O Qc7 12. e4 e5 13. Qg5 Nc6 14. d5 Ne7
15. Nh4 b6 16. f4 f6 17. Qg3 Ba6 18. fxe5 fxe5 19. Nf5 Nxf5 20. exf5 Rf6 21.
Qf3 Raf8 22. g4 g5 23. h4 Qg7 24. hxg5 Qxg5 25. Rf2 Bxc4 26. Bc2 Rh6 27. Qe4 b5
28. a4 a6 29. axb5 axb5 30. Ra7 Qc1+ 31. Kg2 Qh1+ 32. Kg3 Rh3# 0-1

[Event "Freytag Checkmate Open"]
[Site "Adelaide"]
[Date "2008.07.05"]
[Round "2"]
[White "Mdinaradze, Edgar"]
[Black "Sandler, Leonid"]
[Result "0-1"]
[PlyCount "105"]
[WhiteElo "1975"]
[BlackElo "2282"]

{159MB, Fritz11.ctg}

1. d4 Nf6 2. c4 e6 3. Nf3 c5 4. d5 exd5 5. cxd5 d6 6. Nc3 g6 7. e4 Bg7 8. Be2
O-O 9. O-O a6 10. a4 Bg4 11. h3 Bxf3 12. Bxf3 Nbd7 13. Re1 Re8 14. Bf4 Qe7 15.
Qc2 Rab8 16. Be2 h6 17. Rad1 Ne5 18. Bh2 g5 19. Kh1 Ng6 20. Bd3 Nd7 21. Be2 Be5
22. Bg4 b5 23. axb5 axb5 24. Ne2 Nf6 25. Bxe5 Qxe5 26. Ng3 Nh4 27. Qc3 Qf4 28.
Qe3 Nxg4 29. hxg4 Qxg4 30. Qe2 Qxe2 31. Rxe2 Ra8 32. Nh5 Re7 33. g3 Nf3 34. Kg2
Nd4 35. Red2 Kh7 36. Re1 f5 37. f3 Kg6 38. exf5+ Nxf5 39. Rxe7 Nxe7 40. g4 Ra2
41. Kf2 c4 42. Ke2 Ng8 43. Ng3 Kf6 44. Ne4+ Ke5 45. Nc3 Ra5 46. Kf2 b4 47. Re2+
Kd4 48. Rd2+ Ke5 49. Re2+ Kf6 50. Ne4+ Ke7 51. Nd2+ Kd7 52. Nxc4 Rc5 53. b3 0-1

[Event "Freytag Checkmate Open"]
[Site "Adelaide"]
[Date "2008.07.05"]
[Round "2"]
[White "Lojanica, Milenko"]
[Black "West, Guy"]
[Result "0-1"]
[PlyCount "162"]
[WhiteElo "2016"]
[BlackElo "2310"]

{159MB, Fritz11.ctg}

1. e4 d5 2. exd5 Nf6 3. Nc3 Nxd5 4. d4 Bf5 5. Qf3 e6 6. Nxd5 Qxd5 7. Qxd5 exd5
8. c3 Bd6 9. Be3 O-O 10. Nf3 Nd7 11. Be2 Nf6 12. h3 Rfe8 13. O-O Ne4 14. Rfe1
Re7 15. Nd2 Rae8 16. Nxe4 Bxe4 17. Bf1 a5 18. Bd2 c6 19. f3 Bg6 20. Rxe7 Rxe7
21. Kf2 {Draw offered} 21... Kf8 22. Re1 Rxe1 23. Kxe1 Bb1 24. a3 Ba2 25. b4
axb4 26. axb4 Bg3+ 27. Kd1 Bb3+ 28. Kc1 Ke7 29. Bd3 Kf6 30. Be3 Bc4 31. Kd2
Bxd3 32. Kxd3 Kg6 33. Ke2 Kh5 34. Bd2 f5 35. f4 h6 36. Kf3 Kh4 37. Ke2 g5 38.
fxg5 hxg5 39. Kf3 g4+ 40. hxg4 fxg4+ 41. Ke2 Bd6 42. Be1+ Kg5 43. g3 Kf5 44.
Kd3 Be7 45. Bf2 Bd6 46. Be1 Ke6 47. Bf2 Kd7 48. Be1 Kc7 49. c4 dxc4+ 50. Kxc4
b5+ 51. Kd3 Kd7 52. Ke3 Ke7 53. Kd3 Kf6 54. Ke3 Kf5 55. Kd3 Bf8 56. Bd2 Be7 57.
Bc3 Bg5 58. Be1 Bc1 59. Bc3 Bh6 60. Be1 Bg7 61. Bd2 {Draw offered} 61... Bf8
62. Bc3 Be7 63. Bd2 Bf6 64. Bc3 Bg7 65. Bd2 Bf8 66. Bc3 Be7 67. Bd2 Bd8 68. Bc3
Bb6 69. Bd2 Bc7 70. Be1 Ke6 71. Ke4 Bd6 72. Ke3 Kd5 73. Kd3 Bc7 74. Ke3 Kc4 75.
Ke4 Bd6 76. Kf5 Bxb4 77. Bxb4 Kxb4 78. Kxg4 Kc3 79. Kf4 b4 80. g4 b3 81. g5 b2
0-1

[Event "Freytag Checkmate Open"]
[Site "Adelaide"]
[Date "2008.07.05"]
[Round "2"]
[White "Kerr, Bill"]
[Black "Scott, Ronald"]
[Result "0-1"]
[PlyCount "44"]
[WhiteElo "1937"]
[BlackElo "2241"]

{159MB, Fritz11.ctg}

1. d4 Nf6 2. Bg5 d6 3. Bxf6 exf6 4. e3 g6 5. c4 Bg7 6. Ne2 O-O 7. Nf4 c5 8. d5
f5 9. Nc3 Nd7 10. Be2 Qa5 11. Qc2 a6 12. O-O Rb8 13. a3 b5 14. Rab1 bxc4 15.
Bxc4 Ne5 16. Ba2 Bd7 17. Rfe1 Rb7 18. Nfe2 Rfb8 19. e4 fxe4 20. Nxe4 Rxb2 21.
Qc3 Nf3+ 22. Qxf3 Rxb1 0-1

[Event "Freytag Checkmate Open"]
[Site "Adelaide"]
[Date "2008.07.05"]
[Round "2"]
[White "Johansen, Darryl K"]
[Black "Dragicevic, Domagoj"]
[Result "1/2-1/2"]
[PlyCount "57"]
[WhiteElo "2423"]
[BlackElo "2125"]

1. c4 e6 2. Nf3 Nf6 3. g3 d5 4. b3 Be7 5. Bg2 O-O 6. O-O c5 7. e3 Nc6 8. Bb2 b6
9. Na3 Bb7 10. Qe2 a6 11. Rfd1 Qc7 12. d4 cxd4 13. exd4 Ne4 14. Nc2 f5 15. Rac1
g5 16. Ne3 Qd7 17. Ne5 Nxe5 18. dxe5 Bc5 19. Bd4 Bxd4 20. Rxd4 Qg7 21. f4 gxf4
22. gxf4 dxc4 23. Rdxc4 Rf7 24. R4c2 Kh8 25. Qc4 Qh6 26. Rf1 Rg8 27. Qd4 Rfg7
28. Rf3 Nd2 29. Rg3 1/2-1/2

[Event "Freytag Checkmate Open"]
[Site "Adelaide"]
[Date "2008.07.05"]
[Round "2"]
[White "Jackson, Ralph E"]
[Black "Oliver, Gareth"]
[Result "1/2-1/2"]
[PlyCount "75"]
[WhiteElo "1899"]
[BlackElo "2160"]

{159MB, Fritz11.ctg}

1. Nf3 Nf6 2. c4 g6 3. g3 Bg7 4. Bg2 O-O 5. O-O d6 6. d4 Nc6 7. Nc3 a6 8. Bg5
Rb8 9. Rc1 h6 10. Bxf6 Bxf6 11. h3 Bg7 12. e4 e5 13. d5 Ne7 14. b4 f5 15. Nd2
c6 16. c5 cxd5 17. exd5 e4 18. Nc4 dxc5 19. d6 Nc6 20. bxc5 Bd4 21. Ne2 Qf6 22.
Nb6 Be6 23. Nf4 Bxa2 24. Nd7 Qf7 25. Nxf8 Rxf8 26. Qd2 Re8 27. Rfe1 Bb3 28. h4
a5 29. Rb1 a4 30. Bf1 Bxc5 31. Qc1 Bxd6 32. Rxb3 Bxf4 33. gxf4 axb3 34. Bc4 Re6
35. Bxb3 Nd4 36. Qc8+ Kg7 37. Bxe6 Qxe6 38. Qc3 1/2-1/2

[Event "Freytag Checkmate Open"]
[Site "Adelaide"]
[Date "2008.07.05"]
[Round "2"]
[White "Ivkovic, Novica"]
[Black "Xie, George"]
[Result "0-1"]
[PlyCount "94"]
[WhiteElo "1657"]
[BlackElo "2449"]

{159MB, Fritz11.ctg}

1. f4 d5 2. e3 g6 3. Nf3 Bg7 4. d4 Nh6 5. c4 c6 6. Nc3 O-O 7. Qb3 dxc4 8. Bxc4
b5 9. Be2 Be6 10. Qc2 b4 11. Na4 Nd7 12. Qxc6 Rc8 13. Qb5 Nf5 14. Qxb4 Rc2 15.
Nc3 Qc7 16. Kf2 Rb8 17. Qa3 Nf6 18. Ne5 Nd5 19. Ne4 Nxf4 20. exf4 Nxd4 21. Bd2
Bxe5 22. fxe5 Bb3 23. axb3 Qxe5 24. Qxa7 Rxd2 25. Qxb8+ Qxb8 26. Nxd2 Nc2 27.
Rac1 Qf4+ 28. Nf3 Qe3+ 29. Kg3 Qxe2 30. Rhd1 Ne3 31. Rd2 Nf5+ 32. Kh3 Qe6 33.
g4 Ne3 34. Rg1 h5 35. Rd4 hxg4+ 36. Rdxg4 Nxg4 37. Rxg4 Qxb3 38. Kg3 Qxb2 39.
h4 Kf8 40. Ng5 f6 41. Ne6+ Kf7 42. Nd8+ Ke8 43. Ne6 Qb3+ 44. Kf4 Qxe6 45. Rxg6
Qh3 46. Rg4 e5+ 47. Kf5 Kf7 0-1

[Event "Freytag Checkmate Open"]
[Site "Adelaide"]
[Date "2008.07.05"]
[Round "2"]
[White "Hacche, David J"]
[Black "Antic, Dejan"]
[Result "0-1"]
[PlyCount "69"]
[WhiteElo "2127"]
[BlackElo "2476"]

1. Nf3 c5 2. b3 d5 3. e3 a6 4. Bb2 Nc6 5. d4 Nf6 6. Be2 Bg4 7. O-O Bxf3 8. Bxf3
cxd4 9. exd4 e6 10. c4 Be7 11. Na3 O-O 12. Nc2 Rc8 13. Ne3 Qd7 14. Qe2 dxc4 15.
Nxc4 Rc7 16. Rad1 Nb4 17. d5 Nbxd5 18. Bxf6 Bxf6 19. Nb6 Qc6 20. Nxd5 exd5 21.
Rxd5 Re8 22. Qd3 Qe6 23. Rd6 Qe7 24. h3 Rd8 25. Rxd8+ Qxd8 26. Qxd8+ Bxd8 27.
Rd1 Be7 28. Be4 g6 29. Kf1 Kg7 30. Ke2 Bb4 31. Bd3 Rc3 32. g4 Kf6 33. f4 Ke7
34. Rf1 Bd6 35. Ke3 0-1 {rest indecipherable}

[Event "Freytag Checkmate Open"]
[Site "Adelaide"]
[Date "2008.07.05"]
[Round "2"]
[White "Griggs, James"]
[Black "Hams, Jeffrey"]
[Result "0-1"]
[PlyCount "80"]
[WhiteElo "1464"]
[BlackElo "1769"]

{159MB, Fritz11.ctg}

1. g3 d5 2. Bg2 c6 3. d3 Nf6 4. Nf3 Bf5 5. Nbd2 h6 6. c4 e6 7. O-O Nbd7 8. Re1
Be7 9. e4 dxe4 10. dxe4 Bg4 11. Qc2 O-O 12. a3 a5 13. Nb3 a4 14. Nbd4 Nc5 15.
e5 Nfd7 16. Bf4 Bh5 17. Qc1 Nd3 18. Qe3 Nxe1 19. Rxe1 g5 20. g4 gxf4 21. Qxf4
Bg5 22. Qg3 Bg6 23. h4 Be7 24. h5 Bh7 25. g5 hxg5 26. Nxg5 Bxg5 27. f4 Kh8 28.
fxg5 Rg8 29. Nxe6 fxe6 30. g6 Qe7 31. Kh1 Qg7 32. Re4 Qh6 33. Rh4 Raf8 34. Bh3
Qc1+ 35. Kh2 Qd2+ 36. Kg1 Qd1+ 37. Kh2 Qe2+ 38. Kg1 Qxe5 39. Qxe5+ Nxe5 40. Re4
Nxg6 0-1

[Event "Freytag Checkmate Open"]
[Site "Adelaide"]
[Date "2008.07.05"]
[Round "2"]
[White "Garcia-Blanco, Miguel"]
[Black "Oliver, Tamzin"]
[Result "1-0"]
[PlyCount "75"]
[WhiteElo "1733"]
[BlackElo "1445"]

{159MB, Fritz11.ctg}

1. c4 Nf6 2. Nc3 g6 3. g3 Bg7 4. Bg2 O-O 5. Nf3 d6 6. O-O e5 7. d3 Na6 8. Rb1
Nc5 9. b4 Ne6 10. b5 Nd7 11. Nd5 Nb6 12. Ne1 Rb8 13. Be3 Ra8 14. Nc2 f5 15. Qd2
Nd7 16. Qb4 Ndc5 17. a4 a5 18. Qa3 Rb8 19. Bxc5 Nxc5 20. b6 c6 21. Nc3 Be6 22.
Rfd1 Bf7 23. e3 Ne6 24. Ne2 c5 25. Nc3 Qd7 26. Nd5 Nd8 27. Nc7 Ne6 28. Nxe6
Bxe6 29. Rb5 Ra8 30. Na1 e4 31. Qb3 exd3 32. Qxd3 Bxa1 33. Rxa1 Rfd8 34. Bd5
Bxd5 35. Qxd5+ Qf7 36. Qd3 Qf6 37. Rd1 Qe6 38. Qc3 1-0